| 000 | 00709nam a2200205 i 4500 | ||
|---|---|---|---|
| 001 | 128518 | ||
| 003 | ES-MaACL | ||
| 005 | 20250719063314.0 | ||
| 007 | t| | ||
| 008 | 070516s1943 sp ||||1| spa d | ||
| 080 | _a891.4-1"18/19"=6 | ||
| 100 | 1 |
_aTagore, Rabindranath, _d1861-1941 _9109071 |
|
| 245 | 1 | 3 |
_aEl jardinero / _cRabindranath Tagore ; (traducción de Zenobia Campubrí Aymar y J.R.J.) ; con un poema de Juan Ramón Jiménez. |
| 260 |
_aMadrid : _b[J. García], _c1943. |
||
| 300 |
_a173 p. ; _c21 cm. |
||
| 700 | 1 |
_aCamprubí de Jiménez, Zenobia. _934307 |
|
| 700 | 1 |
_aJiménez, Juan Ramón, _d1881-1958 _966417 |
|
| 852 |
_aES-MaACL _jF-15741 _bR.20167 |
||
| 999 |
_c128518 _d128518 |
||